Statistics for Frozen Characters by Screen-time

Click here to take the quiz!

General Stats

  • This quiz has been taken 59 times
  • The average score is 5 of 6

Answer Stats

TimeCharacter% Correct
52:48Anna
100%
23:13Elsa
100%
13:56Olaf
93%
13:09Hans
82%
14:35Sven
82%
25:46Kristoff
79%

Score Distribution

Percentile by Number Answered

Percent of People with Each Score

Your Score History

You have not taken this quiz